Οι οικονομικές πλευρές της υποχρεωτικής ανταλλαγής μειονοτήτων μεταξύ Τουρκίας και Ελλάδας

Αποθηκεύτηκε σε:
Λεπτομέρειες βιβλιογραφικής εγγραφής
Κύριος συγγραφέας: Belli, Mihri
Άλλοι συγγραφείς: Μουσταφά, Μουσταφά (Συγγραφέας εισαγωγής κ.λπ.), Μερτίκας, Γιώργος Ν. (Μεταφραστής)
Μορφή: Βιβλίο
Γλώσσα:Greek
Δημοσίευση: Αθήνα : Νήσος ; Ινστιτούτο Νίκος Πουλαντζάς, 2017.
Θέματα:
Ετικέτες: Προσθήκη ετικέτας
Δεν υπάρχουν, Καταχωρήστε ετικέτα πρώτοι!

MARC

LEADER 00000cam a2200000 a 4500
001 1/122375
008 201203s2017####gr |||||||||||||| ||gre||
020 |a 9789605890568 
040 |a GR-MyUa  |b gre  |c GR-MyUa  |e AACR2 
041 1 |a gre 
082 7 |a 325.2109495  |2 (23) 
100 1 |a Belli, Mihri. 
245 1 3 |a Οι οικονομικές πλευρές της υποχρεωτικής ανταλλαγής μειονοτήτων μεταξύ Τουρκίας και Ελλάδας /   |c Μεχμέτ Μιχρί Μπελί ; πρόλογος Μουσταφά Μουσταφά ; εισαγωγή Κωνσταντίνος Τσιτσελίκης ; μετάφραση Γιώργος Μερτίκας. 
260 |a Αθήνα :   |b Νήσος ;   |b Ινστιτούτο Νίκος Πουλαντζάς,   |c 2017.  
300 |a 118 σ. :   |b πιν. ;   |c 21 εκ.  
504 |a Περιλαμβάνει βιβλιογραφία.  
650 0 |a Population transfers  |x Turks  |x History  |y 20th century. 
650 0 |a Population transfers  |x Greeks  |x History  |y 20th century. 
651 0 |a Turkey  |x Relations  |z Greece. 
651 0 |a Greece  |x Relations  |z Turkey. 
700 1 |a Μουσταφά, Μουσταφά,  |e aui 
700 1 |a Τσιτσελίκης, Κωνσταντίνος,  |e oth 
700 1 |a Μερτίκας, Γιώργος Ν.  |e trl 
852 |a INST  |b LESVOS  |e 20201203  |h 325.2109495 BEL  |p 005100062188  |q 005100062188  |t BK  |y 0 
920 |a Ινστιτούτο Νίκος Πουλαντζάς  |y Λέσβος  |z 2020-11 
970 |a Καμάτσου  |b Δέσποινα  |z 03-12-2020